Normal view
MARC view
- Ayers, John E.
Entry Personal Name
001 - CONTROL NUMBER
- control field: 1404
003 - CONTROL NUMBER IDENTIFIER
- control field: DLC
005 - DATE AND TIME OF LATEST TRANSACTION
- control field: 20231215094538.0
008 - FIXED-LENGTH DATA ELEMENTS
- fixed length control field: 030716n| acannaabn |a aaa
010 ## - LIBRARY OF CONGRESS CONTROL NUMBER
- LC control number: n 2003011896
040 ## - CATALOGING SOURCE
- Original cataloging agency: DLC
- Language of cataloging: eng
- Transcribing agency: DLC
- Modifying agency: DLC
100 1# - HEADING--PERSONAL NAME
- Personal name: Ayers, John E.
400 1# - SEE FROM TRACING--PERSONAL NAME
- Personal name: Ayers, J. E.
- Fuller form of name: (John E.)
670 ## - SOURCE DATA FOUND
- Source citation: Digital integrated circuits, c2004:
- Information found: t.p. (John E. Ayers; Univ. of Conn.) 9th prelim. p. (J.E. Ayers)